000 00383nam a2200133Ia 4500
008 220217s9999||||xx |||||||||||||| ||und||
020 _a81-7808-507-0
082 _a004.21 ATT
100 _aAttwood, T.K Smith, Parry, D.J
245 0 _aIntroduction to bio informatics
260 _aPearson education asia
_bDelhi
_c2003
300 _b160
650 _aINFORMATION SCIENCE
_91300
999 _c170761
_d170761